000 00412nam a2200169Ia 4500
008 230524s9999 xx 000 0 und d
020 _a9789332505759
082 _a621.81
_bKUM
100 _aPravin Kumar
245 0 _aBasic Mechanical Engineering
250 _a2
260 _aNew Delhi
_bPearson
_c2014
300 _a"XXIX,607p;"
500 _aQuantity Number: 201
650 _aMechanics
942 _cBK
999 _c57148
_d57148